| 000 | 00465nam a22001697a 4500 | ||
|---|---|---|---|
| 003 | OSt | ||
| 005 | 20250623123039.0 | ||
| 008 | 250623b |||||||| |||| 00| 0 eng d | ||
| 040 | _cSBCL | ||
| 082 |
_a894.8123 _bDEV-A |
||
| 100 | _aAnujith P.V | ||
| 245 | _aAzhiyum Akashavum | ||
| 260 |
_aKottayam _bDC Books _c2025 |
||
| 300 | _a110p. | ||
| 650 |
_2Literature & rhetoric _aLiteratures of other languages _vAltaic, Uralic, Hyperborean & Dravidian |
||
| 942 | _cBOOK | ||
| 999 |
_c137117 _d137117 |
||